<?xml version="1.0" encoding="UTF-8"?>
<record
    xmlns:xsi="http://www.w3.org/2001/XMLSchema-instance"
    xsi:schemaLocation="http://www.loc.gov/MARC21/slim http://www.loc.gov/standards/marcxml/schema/MARC21slim.xsd"
    xmlns="http://www.loc.gov/MARC21/slim">

  <leader>00411nam a22001697a 4500</leader>
  <controlfield tag="003">OSt</controlfield>
  <controlfield tag="005">20231212065227.0</controlfield>
  <controlfield tag="008">220517b        xxu||||| |||| 00| 0 eng d</controlfield>
  <datafield tag="020" ind1=" " ind2=" ">
    <subfield code="a">978-1-138-65954-4</subfield>
  </datafield>
  <datafield tag="040" ind1=" " ind2=" ">
    <subfield code="c">IIMT UNIVERSITY</subfield>
  </datafield>
  <datafield tag="100" ind1=" " ind2=" ">
    <subfield code="a">SALES MICHAEL</subfield>
  </datafield>
  <datafield tag="245" ind1=" " ind2=" ">
    <subfield code="a">AIR CARGO MANAGEMENT</subfield>
  </datafield>
  <datafield tag="250" ind1=" " ind2=" ">
    <subfield code="a">2ED</subfield>
  </datafield>
  <datafield tag="260" ind1=" " ind2=" ">
    <subfield code="a">LONDON ROUTLEDGE</subfield>
    <subfield code="b">LONDON ROUTLEDGE</subfield>
    <subfield code="c">17/5/022</subfield>
  </datafield>
  <datafield tag="300" ind1=" " ind2=" ">
    <subfield code="a">222</subfield>
  </datafield>
  <datafield tag="942" ind1=" " ind2=" ">
    <subfield code="2">ddc</subfield>
    <subfield code="c">01</subfield>
  </datafield>
  <datafield tag="999" ind1=" " ind2=" ">
    <subfield code="c">51860</subfield>
    <subfield code="d">51860</subfield>
  </datafield>
  <datafield tag="952" ind1=" " ind2=" ">
    <subfield code="0">0</subfield>
    <subfield code="1">0</subfield>
    <subfield code="2">ddc</subfield>
    <subfield code="4">0</subfield>
    <subfield code="7">0</subfield>
    <subfield code="a">01</subfield>
    <subfield code="b">01</subfield>
    <subfield code="d">2022-05-17</subfield>
    <subfield code="e">ARISTHA PUB</subfield>
    <subfield code="i">HO/IN/21     14/05/022</subfield>
    <subfield code="p">01-B-135847</subfield>
    <subfield code="r">2022-05-17</subfield>
    <subfield code="u">aviation</subfield>
    <subfield code="w">2022-05-17</subfield>
    <subfield code="y">06</subfield>
  </datafield>
  <datafield tag="952" ind1=" " ind2=" ">
    <subfield code="0">0</subfield>
    <subfield code="1">0</subfield>
    <subfield code="2">ddc</subfield>
    <subfield code="4">0</subfield>
    <subfield code="7">0</subfield>
    <subfield code="a">01</subfield>
    <subfield code="b">01</subfield>
    <subfield code="d">2022-05-17</subfield>
    <subfield code="e">ARISTHA PUB</subfield>
    <subfield code="i">HO/IN/21     14/05/022</subfield>
    <subfield code="p">01-B-135848</subfield>
    <subfield code="r">2022-05-17</subfield>
    <subfield code="u">aviation</subfield>
    <subfield code="w">2022-05-17</subfield>
    <subfield code="y">02</subfield>
  </datafield>
  <datafield tag="952" ind1=" " ind2=" ">
    <subfield code="0">0</subfield>
    <subfield code="1">0</subfield>
    <subfield code="2">ddc</subfield>
    <subfield code="4">0</subfield>
    <subfield code="7">0</subfield>
    <subfield code="a">01</subfield>
    <subfield code="b">01</subfield>
    <subfield code="d">2022-05-17</subfield>
    <subfield code="e">ARISTHA PUB</subfield>
    <subfield code="i">HO/IN/21     14/05/022</subfield>
    <subfield code="p">01-B-135849</subfield>
    <subfield code="r">2022-05-17</subfield>
    <subfield code="u">aviation</subfield>
    <subfield code="w">2022-05-17</subfield>
    <subfield code="y">02</subfield>
  </datafield>
  <datafield tag="952" ind1=" " ind2=" ">
    <subfield code="0">0</subfield>
    <subfield code="1">0</subfield>
    <subfield code="2">ddc</subfield>
    <subfield code="4">0</subfield>
    <subfield code="7">0</subfield>
    <subfield code="a">01</subfield>
    <subfield code="b">01</subfield>
    <subfield code="d">2022-05-17</subfield>
    <subfield code="e">ARISTHA PUB</subfield>
    <subfield code="i">HO/IN/21     14/05/022</subfield>
    <subfield code="l">3</subfield>
    <subfield code="m">3</subfield>
    <subfield code="p">01-B-135850</subfield>
    <subfield code="r">2022-12-22</subfield>
    <subfield code="s">2022-11-19</subfield>
    <subfield code="u">aviation</subfield>
    <subfield code="w">2022-05-17</subfield>
    <subfield code="y">02</subfield>
  </datafield>
  <datafield tag="952" ind1=" " ind2=" ">
    <subfield code="0">0</subfield>
    <subfield code="1">0</subfield>
    <subfield code="2">ddc</subfield>
    <subfield code="4">0</subfield>
    <subfield code="7">0</subfield>
    <subfield code="a">01</subfield>
    <subfield code="b">01</subfield>
    <subfield code="d">2022-05-17</subfield>
    <subfield code="e">ARISTHA PUB</subfield>
    <subfield code="i">HO/IN/21     14/05/022</subfield>
    <subfield code="l">3</subfield>
    <subfield code="p">01-B-135851</subfield>
    <subfield code="r">2025-06-23</subfield>
    <subfield code="s">2025-03-06</subfield>
    <subfield code="u">aviation</subfield>
    <subfield code="w">2022-05-17</subfield>
    <subfield code="y">02</subfield>
  </datafield>
</record>
